000 00410nam a2200169Ia 4500
008 230524s9999 xx 000 0 und d
082 _a621.3821
_bPRA
100 _aI.B.Prasad
245 0 _aApplied Mechanics Dynamics And Statics
250 _a19TH
260 _aNEW DELHI
_bKhanna
_c2004
300 _aXV;1276
500 _aQuantity Number: 2
650 _aMechanics
700 _a Y.Mathur
942 _cBK
999 _c4221
_d4221